• 首页
  • 本馆介绍
  • 公告通知
  • 最新文献
  • 馆藏检索
  • 电子资源
  • 读者导购
  • 参考咨询
  • 我的图书馆
  • 登录
  • 详细信息显示
  • 放入我的书架
  • 预约/预借图书
  • 作者相关作品
  • 分类相关作品
  • 丛书相关作品
  • 出版社相关作品

书目信息

  • 表格格式
  • 工作单格式
  • 卡片格式
题名:
金刚铁板功
    
 
作者: 范克平 , 范冠华 译著
分册:  
出版信息: 呼和浩特   内蒙古人民出版社  2008
页数: 400页
开本: 24cm
丛书名:
单 册:
中图分类: G852.6
科图分类:
主题词: 道教--气功 , 道教 , 气功
电子资源:
ISBN: 978-7-204-00838-4
000 00963nam0 2200289 45
001 1130689156
005 20110310095530.89
010    @a978-7-204-00838-4@dCNY36.00
100    @a20110123d2008 em y0chiy50 ea
101 0  @achi
102    @aCN@b150000
105    @aa z 000yy
106    @ar
200 1  @a金刚铁板功@AJin Gang Tie Ban Gong@f范克平,范冠华译著@FFan Ke Ping, Fan Guan Hua Yi Zhu
205    @a2版
210    @a呼和浩特@c内蒙古人民出版社@d2008
215    @a400页@c图@d24cm
300    @a图说武当嫡派功夫真传 功家秘法宝藏 卷二 硬形功夫
330    @a金刚铁板功全称为八大金刚服气硬炼铁板形体内外兼修功法,属内家武当派太和门(即功家南派)四大功种之一硬形武功的范畴。本书介绍了金刚铁板功的功法。
606 0  @a道教@x气功
606 0  @a道教
606 0  @a气功
690    @aG852.6@v4
701  0 @a范克平@AFan Ke Ping@4译著
701  0 @a范冠华@AFan Guan Hua@4译著
801  0 @aCN@bTANGWEI@c20110310
905    @b0531304-06@dG852.6@e233=2@f3
    
    金刚铁板功/范克平,范冠华译著.-2版.-呼和浩特:内蒙古人民出版社,2008
    400页:图;24cm
    图说武当嫡派功夫真传 功家秘法宝藏 卷二 硬形功夫
    
    ISBN 978-7-204-00838-4:CNY36.00
    金刚铁板功全称为八大金刚服气硬炼铁板形体内外兼修功法,属内家武当派太和门(即功家南派)四大功种之一硬形武功的范畴。本书介绍了金刚铁板功的功法。
●
相关链接 在E读中查询图书 在五车中查询图书 在当当中查询图书 在豆瓣中查询图书


正题名:金刚铁板功     索取号:G852.6/233=2         预约/预借

序号 登录号 条形码 馆藏地/架位号 状态 备注
1 0531304   205313043   第一样本阅览室/ [索取号:G852.6/233=2] 在馆    
2 0531305   205313052   第四借阅区/ [索取号:G852.6/233=2] 在馆    
3 0531306   205313061   密集书库-体育系/ [索取号:G852.6/233=2] 在馆    
唐山师范学院图书馆 欢迎您!
大连网信软件有限公司© 版权所有